Score 0/16 Timer 01:30
1 Play Today
% Correct
Atari 2600
76.3%
Nintendo 64
76.3%
Nintendo Wii
71%
Sega Genesis
66.1%
Nintendo Entertainment System
64.3%
Microsoft Xbox One
60.3%
Nintendo Wii U
60.1%
Nintendo GameCube
59.4%
% Correct
Sony PlayStation 2
57.3%
Sony PlayStation 4
56.8%
Microsoft Xbox
56.7%
Microsoft Xbox 360
56.3%
Super Nintendo Entertainment System
51%
Sony PlayStation
50.9%
Sony PlayStation 3
47.3%
Sega Saturn
45.2%

Today's Daily Dose

Remove Ads.
Support Sporcle.
Get the best of Sporcle when you Go Orange. This ad-free experience offers more features, more stats, and more fun while also helping to support Sporcle. Thank you for becoming a member.

You're not logged in!

Compare scores with friends on all Sporcle quizzes.
OR
Log In

Show Comments

Extras

Top Quizzes Today


Score Distribution

Your Account Isn't Verified!

In order to create a playlist on Sporcle, you need to verify the email address you used during registration. Go to your Sporcle Settings to finish the process.

Report this User

Report this user for behavior that violates our Community Guidelines.

Details: